000 00882nam a22002897a 4500
003 CHAP
005 20220329135147.0
008 971013s1969 r 00010 d
010 _a31904
011 _a32876
035 _a36991
040 _cCHAP
082 _a551.5
_bN4
100 0 0 _aNeuberger, Hans.
_980921
245 _aPrinciples of climatology ; a manual in earth science
260 _aNew York :
_bHolt Rinehart and Winston,
_c1969
300 _a178 p.
_b: ilus.
590 _aBATCH-UPD
_b10
_c20130110
_lUCH01
_h1351
590 _aBATCH-UPD
_b10
_c20130410
_lUCH01
_h0847
590 _aBATCH-UPD
_b10
_c20130914
_lUCH01
_h0858
590 _aCONVERSION
_b10
_c20130109
_lUCH01
_h1318
650 1 4 _aClimatologĂ­a.
_923864
700 0 _aCahier, John.
_917224
901 _aBK
942 _cLIBRO
949 _a551.5 N4
_bBC
_cLIBRO
_d33724000372793
_eLIBRO
_h28899
_i36991
_si
_t65.00
999 _c31904
_d31904